• 首页
  • 本馆介绍
  • 公告通知
  • 最新文献
  • 馆藏检索
  • 电子资源
  • 读者导购
  • 参考咨询
  • 我的图书馆
  • 登录
  • 详细信息显示
  • 放入我的书架
  • 预约/预借图书
  • 作者相关作品
  • 分类相关作品
  • 丛书相关作品
  • 出版社相关作品

书目信息

  • 表格格式
  • 工作单格式
  • 卡片格式
题名:
战略学与地区战略
    
 
作者: 于光远 著
分册:  
出版信息: 沈阳   辽宁人民出版社  1984
页数: 224页
开本: 21cm
丛书名:
单 册:
中图分类: F120.4
科图分类:
主题词: 经济发展战略--中国--文集
电子资源:
ISBN:
000 00626nam0 2200229 45
001 0184014153
005 20060803162943.06
010    @dCNY0.96
091    @a4090.131
100    @a19950420d1984 em y0chiy0121 ea
101 0  @achi
102    @aCN@b210000
105    @ay z 000yy
200 10 @a战略学与地区战略@Azhan lue xue yu di qu zhan lue@f于光远著
210    @a沈阳@c辽宁人民出版社@d1984
215    @a224页@d21cm
606    @a经济发展战略@y中国@x文集
690    @aF120.4@v3
701  0 @a于光远@Ayu guang yuan@4著
801  2 @aCN@bNLC@c20060803
801  0 @aCN@b上海图书馆@c20040427
905    @f1@b228946@dF120.4@e74
    
    战略学与地区战略/于光远著.-沈阳:辽宁人民出版社,1984
    224页;21cm
    
    
    ISBN :CNY0.96
    
●
相关链接 在E读中查询图书 在五车中查询图书 在当当中查询图书 在豆瓣中查询图书


正题名:战略学与地区战略     索取号:F120.4/74         预约/预借

序号 登录号 条形码 馆藏地/架位号 状态 备注
1 0228946   000200053   第一借阅区/ [索取号:F120.4/74] 在馆    
2 0228947   000200099   第一样本阅览室/ [索取号:F120.4/74] 在馆    
3 0446685   204466853   密集书库/ [索取号:F120.4/74] 在馆    
唐山师范学院图书馆 欢迎您!
大连网信软件有限公司© 版权所有